| 000 | 00596nam a2200217 a 4500 | ||
|---|---|---|---|
| 005 | 20210219152851.0 | ||
| 008 | 991125n 000 0 spa u | ||
| 035 | _aUPN01000064178 | ||
| 100 | _aCANCERRADO MALMIERCA, Luis Miguel | ||
| 222 | _aEDUCACION Y BIBLIOTECA (MADRID, ESPAÑA) | ||
| 245 | _aAnimación a la lectura en España: ¿cómo, cuándo, porque? | ||
| 300 | _a30-31 | ||
| 362 | _a1994 No. 50, oct. | ||
| 653 | 0 | _aANIMACION | |
| 653 | 0 | _aBIBLIOTECAS ESCOLARES | |
| 653 | 0 | _aESPAÑA | |
| 653 | 0 | _aLECTURA | |
| 653 | 0 | _aNIÑOS | |
| 904 |
_aAC _b001989 |
||
| 905 | _aArticulo | ||
| 999 |
_c62468 _d62468 |
||